Visualizzazione normale
Vista MARC
- De Sario Beppe, Giangrande Nicolò
di Personal Name
Records bibliografici associati: 1
001 - CONTROL NUMBER
- control field: 60768
003 - CONTROL NUMBER IDENTIFIER
- control field:
005 - DATE AND TIME OF LATEST TRANSACTION
- control field: 20240605113517.0
008 - FIXED-LENGTH DATA ELEMENTS
- fixed length control field: 240605|| aca||aabn | a|a d
040 ## - CATALOGING SOURCE
- Original cataloging agency:
- Transcribing agency:
100 ## - HEADING--PERSONAL NAME
- Personal name: De Sario Beppe, Giangrande Nicolò
670 ## - SOURCE DATA FOUND
- Source citation: Work cat.: ()360114: De Sario Beppe, Giangrande Nicolò, L'impatto della crisi demografica sul lavoro, 2024